000 00468nam a2200181Ia 4500
008 230524s9999 xx 000 0 und d
020 _a9788131511107
082 _a519.6
_bMEN
100 _aWilliam Mendenhall
245 0 _aProbability and Statistics
250 _aIST
260 _aNEW DELHI
_bCengage
_c2009
300 _aXVI;591
500 _aQuantity Number: 2
650 _aMathematics
700 _a" Robert J.Beaver , Barbara M.Beaver,,,"
942 _cBK
999 _c47156
_d47156